The Complete book on Rubber Processing and Compounding Technology / (Record no. 564727)

000 -LEADER
fixed length control field 00386nam a2200133Ia 4500
008 - FIXED-LENGTH DATA ELEMENTS--GENERAL INFORMATION
fixed length control field 210430s9999 xx 000 0 und d
020 ## - INTERNATIONAL STANDARD BOOK NUMBER
International Standard Book Number 9788178330051
082 ## - DEWEY DECIMAL CLASSIFICATION NUMBER
Classification number 678 N6917 C
100 ## - MAIN ENTRY--PERSONAL NAME
Personal name NIIR Board
9 (RLIN) 128867
245 ## - TITLE STATEMENT
Title The Complete book on Rubber Processing and Compounding Technology /
Statement of responsibility, etc. NIIR Board
260 ## - PUBLICATION, DISTRIBUTION, ETC.
Place of publication, distribution, etc. India
Name of publisher, distributor, etc. Asia Pacific
Date of publication, distribution, etc. 2010
300 ## - PHYSICAL DESCRIPTION
Extent 693p
942 ## - ADDED ENTRY ELEMENTS (KOHA)
Koha item type Book
Source of classification or shelving scheme
Holdings
Withdrawn status Lost status Damaged status Not for loan Collection code Permanent Location Current Location Shelving location Date acquired Total Checkouts Full call number Barcode Date last seen Price effective from Koha item type
          School of Chemical & Materials Engineering (SCME) School of Chemical & Materials Engineering (SCME) General Stacks     678 N6917 C SCME-3947 04/30/2021 04/30/2021 Book
© 2023 Central Library, National University of Sciences and Technology. All Rights Reserved.